| 000 | 00807cam a2200193 i 4500 | ||
|---|---|---|---|
| 999 |
_c58762 _d58762 |
||
| 001 | 19652690 | ||
| 005 | 20221108164653.0 | ||
| 008 | 170519s2017 njua 001 0 eng | ||
| 020 | _a9781119051787x | ||
| 080 | _a338.22 S-72 | ||
| 100 | 1 |
_aSonkin, Paul D. _914429 |
|
| 245 | 1 | 0 |
_aPitch the perfect investment : _bthe essential guide to winning on wall street / _cPaul D. Sonkin and Paul Johnson. |
| 264 | 1 |
_aHoboken, New Jersey : _bWiley, _c[2017] |
|
| 300 |
_a462 pages : _billustrations (some color) ; _c24 cm. |
||
| 653 | _aბიზნესი და ეკონომიკა | ||
| 700 | 1 |
_aJohnson, Paul _d _eავტორი _914434 |
|
| 776 | 0 | 8 |
_iOnline version: _aSonkin, Paul D., author. _tPitch the perfect investment _dHoboken : Wiley, 2017 _z9781119280965 _w(DLC) 2017025132 |
| 942 |
_2udc _cBK |
||